000 01768cam a2200397 a 4500
999 _c128365
_d128365
001 11955081
003 ARRUPE
005 20181024120803.0
008 000327s1999 enk b 000 0 eng
010 _a 00302856
020 _a1856497445
040 _aDLC
_cDLC
_dDLC
043 _ad------
050 0 0 _aRA644.A25
_bA3475 1999
082 0 0 _a362.1/969792/0091724
_221
245 0 0 _aAIDS and men :
_btaking risks or taking responsibility? /
_cedited with an introduction by Martin Foreman.
260 _aLondon :
_bPanos/Zed Books ;
_aNew York :
_bDistributed exclusively in the USA by St. Martin's Press,
_cc1999.
300 _axii, 238 p. ;
_c20 cm.
504 _aIncludes bibliographical references (p. 220-238).
650 0 _aAIDS (Disease)
_zDeveloping countries.
_942867
650 0 _aMen
_xSexual behavior
_zDeveloping countries.
_942868
700 1 _aForeman, Martin.
_942869
710 2 _aPanos Institute.
_942870
906 _a7
_bcbc
_corigcop
_d3
_encip
_f20
_gy-gencatlg
942 _2lcc
_cMONOGRAPH